<?xml version="1.0" encoding="UTF-8"?>
<collection xmlns="http://www.loc.gov/MARC21/slim">
 <record>
  <leader>00650nab a2200169 i 4500</leader>
  <controlfield tag="001">delm140732</controlfield>
  <controlfield tag="005">20200103095450.0</controlfield>
  <controlfield tag="008">200103s2008    hu      o     0||   hun d</controlfield>
  <datafield tag="040" ind1=" " ind2=" ">
   <subfield code="a">SZTE Délmagyarország Archívum</subfield>
   <subfield code="b">hun</subfield>
  </datafield>
  <datafield tag="041" ind1=" " ind2=" ">
   <subfield code="a">hun</subfield>
  </datafield>
  <datafield tag="100" ind1="1" ind2=" ">
   <subfield code="a">Bakos András</subfield>
  </datafield>
  <datafield tag="245" ind1="1" ind2="0">
   <subfield code="a">Biernacki Karol nagyon csípi az erős paprikát </subfield>
   <subfield code="h">[elektronikus dokumentum] :</subfield>
   <subfield code="b">a levéltár nyakába szakadt a szocializmus /</subfield>
   <subfield code="c"> Bakos András</subfield>
  </datafield>
  <datafield tag="260" ind1=" " ind2=" ">
   <subfield code="c">2008-10-01</subfield>
  </datafield>
  <datafield tag="300" ind1=" " ind2=" ">
   <subfield code="a">7</subfield>
  </datafield>
  <datafield tag="490" ind1="0" ind2=" ">
   <subfield code="a">Délmagyarország</subfield>
   <subfield code="v">98 No. 230</subfield>
  </datafield>
  <datafield tag="695" ind1=" " ind2=" ">
   <subfield code="a">Biernacki Karol, Szeged, Csongrád Megyei Levéltár (Szeged) igazgató, Tudományos kutatás levéltár Szeged</subfield>
  </datafield>
  <datafield tag="700" ind1="0" ind2="1">
   <subfield code="a">Biernacki Karol</subfield>
   <subfield code="e">aut</subfield>
  </datafield>
 </record>
</collection>
